000 00834nam a22002175i 4500
001 169477
003 ES-MaACL
005 20231216062912.0
008 080917s2004 sp |||| | spa d
080 _a94(599)"15"(082.2)
100 1 _aPérez de Tudela y Bueso, Juan,
_d1922-2004
_990810
245 1 3 _aLa empresa española en el Pacífico
_b: antecedentes al establecimiento en las Filipinas /
_cJuan Pérez de Tudela y Bueso.
260 _aMadrid :
_bReal Academia de la Historia,
_c[2004]
300 _ap. 23-95 ;
_c23 cm.
490 1 _aEstudios
595 _aSeparata de: "En memoria de Miguel López de Legazpi / Juan Pérez de Tudela y Bueso (coord.)"
651 4 _aFilipinas-
_xHistoria-
_yS.XVI.
_9138617
830 0 _aEstudios
_9177349
852 4 _aES-MaACL
_j2236-F-12
_9R.142394
999 _c169477
_d169477